000 00702nam a2200241Ia 4500
003 OSt
005 20220918173742.0
006 a|||||r|||| 00| 0
007 ta
008 220917b |||||||| |||| 00| 0 eng d
024 _a8,216
037 _cTextual
040 _aARTS
_cARTS
_beng
041 _2eng
_aeng
082 _a234:4.7311, L5
100 _aMyrick William J.
_947358
245 0 _aCoordination concept and reality
_b a study of libraries in a university system
260 _aMetuchen
_bScarectow
_c1975
300 _aix,175p Bibliography
_ccm.
650 _aLIBRARY SCIENCE
942 _h234:4.7311, L5
_cTEXL
_2CC
999 _c150006
_d150006